Drapeaux mal dessinés #2 - Statistiques

Statistiques générales
  • Ce quiz a été pris 358 fois
  • Le résultat moyen est 11 sur 16
Statistiques - réponses
Par images Réponse % Correct
Allemagne
100%
Algérie
95%
Bosnie-Herzégovine
82%
Iran
80%
Haïti
72%
Philippines
71%
Mongolie
68%
République Centrafricaine
63%
Burundi
61%
Comores
60%
Tonga
59%
Bahamas
58%
Lesotho
58%
Érythrée
52%
Nauru
51%
Îles Salomon
36%
Aucun quiz correspondant
Distribution des résultats
% des personnes avec chaque résultat
Percentile par nombre de réponses
Votre historique - résultats
Vous n’avez pas pris ce quiz